[Event "Davos op 20th"]
[Site "Davos"]
[Date "2021.06.13"]
[Round "4"]
[White "Dekker, Jasper"]
[Black "Raimondi, Francesco"]
[Result "1-0"]
[WhiteElo "1825"]
[BlackElo "1581"]
[PlyCount "85"]
[EventDate "2021.06.11"]
[EventType "swiss"]
[EventRounds "5"]
[EventCountry "SUI"]
[SourceTitle "CBM 203 Extra"]
[Source "ChessBase"]
[SourceDate "2021.09.30"]
[SourceVersion "1"]
[SourceVersionDate "2021.09.30"]
[SourceQuality "1"]

1. e4 e6 2. d4 d5 3. e5 c5 4. c3 Nc6 5. Nf3 Qb6 6. Bd3 cxd4 7. cxd4 Bd7 8. 0-0 Nxd4 9. Nbd2 Nh6 10. Nxd4 Qxd4 11. Nf3 Qb6 12. Be3 Qd8 13. Qd2 Bc6 14. b4 a6 15. a4 a5 16. b5 Bd7 17. Rac1 Bb4 18. Qc2 Rc8 19. Qb1 Ng8 20. Bd4 h5 21. h3 Nh6 22. Rxc8 Bxc8 23. Be3 Nf5 24. Bxf5 exf5 25. Bg5 Qb6 26. Qd3 Be6 27. Nd4 0-0 28. Rc1 Bc5 29. Be3 f4 30. Nxe6 Bxe3 31. Nxf8 Bxc1 32. Nd7 Qe6 33. Nc5 Qxe5 34. Nxb7 Qe1+ 35. Qf1 Qb4 36. Qxc1 Qxa4 37. Nd6 Qb4 38. Qc8+ Kh7 39. Qf5+ g6 40. Qxf7+ Kh6 41. Qf8+ Kh7 42. Qe7+ Kh6 43. Nf7+ 1-0

[Event "Davos op 20th"]
[Site "Davos"]
[Date "2021.06.11"]
[Round "1"]
[White "Raimondi, Francesco"]
[Black "Loeffler, Markus"]
[Result "0-1"]
[WhiteElo "1581"]
[BlackElo "2291"]
[PlyCount "50"]
[EventDate "2021.06.11"]
[EventType "swiss"]
[EventRounds "5"]
[EventCountry "SUI"]
[SourceTitle "CBM 203 Extra"]
[Source "ChessBase"]
[SourceDate "2021.09.30"]
[SourceVersion "1"]
[SourceVersionDate "2021.09.30"]
[SourceQuality "1"]

1. Nf3 c5 2. g3 Nc6 3. Bg2 g6 4. 0-0 Bg7 5. d3 e5 6. c4 Nge7 7. Nc3 d6 8. e4 0-0 9. Nh4 a6 10. a4 Rb8 11. f4 exf4 12. Bxf4 Nd4 13. Nf3 Bg4 14. h3 Nxf3+ 15. Bxf3 Bxh3 16. Bg2 Bxg2 17. Kxg2 Qd7 18. Rh1 f5 19. Qd2 Rf7 20. Rh2 Rbf8 21. Rah1 h5 22. Bh6 fxe4 23. Nxe4 d5 24. Bxg7 Rxg7 25. Ng5 dxc4 0-1

[Event "Lugano Paradiso op"]
[Site "Lugano"]
[Date "2020.10.04"]
[Round "5"]
[White "Raimondi, Francesco"]
[Black "Benenati, Gianfranco"]
[Result "0-1"]
[WhiteElo "1554"]
[BlackElo "1677"]
[PlyCount "152"]
[EventDate "2020.10.02"]
[EventType "swiss"]
[EventRounds "5"]
[EventCountry "SUI"]
[SourceTitle "CBM 198 Extra"]
[Source "ChessBase"]
[SourceDate "2020.11.30"]
[SourceVersion "1"]
[SourceVersionDate "2020.11.30"]
[SourceQuality "1"]

1. Nf3 Nf6 2. g3 g6 3. Bg2 Bg7 4. 0-0 c6 5. d4 d5 6. c4 e6 7. Nc3 0-0 8. cxd5 exd5 9. Bf4 Nh5 10. Bd2 Nd7 11. Qc1 Re8 12. Re1 Nhf6 13. e3 Nb6 14. Ne5 Nfd7 15. Nxd7 Bxd7 16. b3 Bf5 17. Na4 Nxa4 18. bxa4 Rc8 19. Bc3 Qd7 20. Qb2 Rb8 21. Rac1 h5 22. h4 Bd3 23. Qd2 Bc4 24. a5 f5 25. Bf1 Bxf1 26. Rxf1 Re6 27. Rb1 Bh6 28. Bb4 Qe8 29. Rb3 Bf8 30. Bxf8 Qxf8 31. Rfb1 Qf7 32. Qb2 Re7 33. Qa3 Rd8 34. Qc5 a6 35. Qa7 Rdd7 36. Qb8+ Kh7 37. Qa7 Kh6 38. Qb8 Kh7 39. Qa7 Kg7 40. Qc5 Kh7 41. Qc1 Kg7 42. R1b2 Qe6 43. Qb1 Qe4 44. Qxe4 fxe4 45. Rb6 Kf7 46. Kg2 Ke6 47. Rb1 Rf7 48. R1b2 Kf5 49. R6b3 g5 50. hxg5 Kxg5 51. Rb6 h4 52. Rb1 hxg3 53. fxg3 Kg4 54. Rh1 Rh7 55. Rbb1 Rdf7 56. Rxh7 Rxh7 57. Rh1 Rf7 58. Rh4+ Kg5 59. Kh3 c5 60. Rg4+ Kf6 61. Rf4+ Ke6 62. Rh4 cxd4 63. exd4 e3 64. Kg2 Rf6 65. Rf4 Rxf4 66. gxf4 Kf5 67. Kf3 e2 68. Kxe2 Kxf4 69. Kd3 Kf3 70. a3 Kf4 71. Kc3 Ke3 72. a4 Ke4 73. Kc2 Kxd4 74. Kd2 Kc4 75. Kc2 Kb4 76. Kd3 Kxa5 0-1

[Event "Ascona op 14th"]
[Site "Ascona"]
[Date "2019.04.27"]
[Round "3"]
[White "Schneider, Marcel1111"]
[Black "Raimondi, Francesco"]
[Result "1-0"]
[WhiteElo "1903"]
[BlackElo "1541"]
[PlyCount "45"]
[EventDate "2019.04.26"]
[EventType "swiss"]
[EventRounds "5"]
[EventCountry "SUI"]
[SourceTitle "CBM 190 Extra"]
[Source "ChessBase"]
[SourceDate "2019.07.15"]
[SourceVersion "1"]
[SourceVersionDate "2019.07.15"]
[SourceQuality "1"]

1. d4 e6 2. c4 f5 3. Nf3 Nf6 4. Nc3 Bb4 5. e3 0-0 6. Bd3 d6 7. 0-0 Bxc3 8. bxc3 Nbd7 9. Qc2 b6 10. e4 fxe4 11. Bxe4 d5 12. Bd3 Ba6 13. Ng5 h6 14. Nxe6 Qe7 15. Nxf8 Rxf8 16. cxd5 Bxd3 17. Qxd3 Nxd5 18. Bd2 Nf4 19. Bxf4 Rxf4 20. Qc4+ Qf7 21. Qxc7 Rh4 22. Rae1 Kh7 23. Re3 1-0